Quan chức nhà Nguyễn /

Quan chức nhà Nguyễn là một trong những vấn đề khoa học quan trọng để đánh giá nhà Nguyễn (gồm thời kỳ xưng chúa cát đàng trong và xưng vương sau khi Gia Long lên ngôi) bao gồm hai vấn đề: ý kiến về quan chức nhà Nguyễn và danh mục tra cứu....

সম্পূর্ণ বিবরণ

সংরক্ষণ করুন:
গ্রন্থ-পঞ্জীর বিবরন
প্রধান লেখক: Trần Thanh Tâm.
বিন্যাস: গ্রন্থ
ভাষা:Vietnamese
প্রকাশিত: Tp.HCM : Thuận Hoá, 1999.
বিষয়গুলি:
ট্যাগগুলো: ট্যাগ যুক্ত করুন
কোনো ট্যাগ নেই, প্রথমজন হিসাবে ট্যাগ করুন!
Thư viện lưu trữ: Mạng thư viện Đại học Đà Nẵng
LEADER 01212cam a2200361 i 4500
001 000042833
003 708
005 20040601121750.0
008 010217b1999 vm 000 vie
020 |c 38500 
040 |a IRC  |c IRC  |d IRC 
041 0 |a vie 
082 1 4 |a 923.2  |b TR-T 
100 1 |a Trần Thanh Tâm. 
245 0 0 |a Quan chức nhà Nguyễn /  |c Trần Thanh Tâm. 
260 |a Tp.HCM :  |b Thuận Hoá,  |c 1999. 
300 |a 437tr. ;  |c 20.5cm. 
520 3 |a Quan chức nhà Nguyễn là một trong những vấn đề khoa học quan trọng để đánh giá nhà Nguyễn (gồm thời kỳ xưng chúa cát đàng trong và xưng vương sau khi Gia Long lên ngôi) bao gồm hai vấn đề: ý kiến về quan chức nhà Nguyễn và danh mục tra cứu. 
630 0 4 |a Lịch sử. 
630 0 4 |a Lịch sử Việt Nam. 
630 0 4 |a Quan chức. 
650 0 4 |a Việt Nam  |b Lịch sử  |y Nhà Nguyễn. 
651 4 |a Việt Nam  |x Lịch sử. 
OWN |a DUT 
999 |a From the UDN01 
TYP |a Monograph 
TYP |a Printed language 
980 |a Mạng thư viện Đại học Đà Nẵng